000 01379nam a22001457a 4500
005 20160609165209.0
008 091117t xxu||||| |||| 00| 0 eng d
040 _cBIDOC
110 _aFAO
_92129
245 _aDirectives pour les campagnes acoustiques dans la région de l'Afrique du Nord-Ouest
_b= Guidelines for acoustic surveys in the northwest african region
300 _ax - 49 p.
520 _aCe manuel a pour but de présenter des directives pour une approche harmonisée dans la conduite des campagnes acoustiques dans la région de l'Afrique du Nord-Ouest. Cependant, il pourrait également être utile pour les autres régions ayant des caractéristiques environnementales et les ressources marines similaires. Les principes décrits ont été largement adoptés à partir de la stratégie de prospection suivie pendant les campagnes du N/R DR. FRIDTJOF NANSEN. Le manuel couvre des thèmes tels que la conception de la campagne, la calibration de l'équipement hydroacoustique, le paramétrage des instruments, l'identification des échos, l'estimation de la biomasse, l'analyse statistique, le format standard pour le stockage des données, l'échantillonnage environnemental et la présentation des résultats des campagnes.
653 _aCampagnes acoustiques
_aCalibration
_aEquipement hydroacoustique
_aBiomasse
_aAfrique
_aAfrique du Nord-Ouest
942 _cLIVR
999 _c46544
_d46544